|
|
|
|
| LEADER |
00000nam0a2200000 4500 |
| 001 |
272103 |
| 005 |
20231101234512.0 |
| 035 |
|
|
|a (RuTPU)RU\TPU\book\295308
|
| 090 |
|
|
|a 272103
|
| 100 |
|
|
|a 20141015d1987 k y0rusy50 ca
|
| 101 |
0 |
|
|a rus
|
| 102 |
|
|
|a UA
|
| 105 |
|
|
|a a z 001zy
|
| 200 |
1 |
|
|a Теория управляющих систем
|e сборник научных трудов
|f Академия наук Украинской ССР (АН УССР), Институт прикладной математики и механики ; под ред. Д. В. Сперанского
|
| 210 |
|
|
|a Киев
|c Наукова думка
|d 1987
|
| 215 |
|
|
|a 284 с.
|c ил.
|
| 320 |
|
|
|a Библиогр. в конце ст.
|
| 606 |
1 |
|
|a Сложные системы
|x Теория
|2 stltpush
|3 (RuTPU)RU\TPU\subj\55208
|9 73268
|
| 610 |
1 |
|
|a управляющие системы
|
| 610 |
1 |
|
|a теория
|
| 610 |
1 |
|
|a контроль
|
| 610 |
1 |
|
|a диагностирование
|
| 610 |
1 |
|
|a технологические процессы
|
| 610 |
1 |
|
|a математические модели
|
| 675 |
|
|
|a 681.51.01
|v 3
|
| 702 |
|
1 |
|a Сперанский
|b Д. В.
|4 340
|
| 712 |
0 |
2 |
|a Академия наук Украинской ССР (АН УССР)
|b Институт прикладной математики и механики
|c (Донецк)
|2 stltpush
|3 (RuTPU)RU\TPU\col\14125
|
| 801 |
|
1 |
|a RU
|b 63413507
|c 20141015
|
| 801 |
|
2 |
|a RU
|b 63413507
|c 20150828
|g RCR
|
| 942 |
|
|
|c BK
|